Catalog

Record Details

Catalog Search



Sifra, halachischer Midrasch zu Leviticus  Cover Image Book Book

Sifra, halachischer Midrasch zu Leviticus / übersetzt von Jakob Winter.

Record details

  • Physical Description: [8], 683 s., kopie-skripta
  • Publisher: Breslau, Stefan Münz, Jüdischer Buchverlag und Buchvertrieb , 1938.

Available copies

  • 1 of 1 copy available at Common Catalog SPOK.

Holds

  • 0 current holds with 1 total copy.
Show Only Available Copies
Location Call Number / Copy Notes Barcode Shelving Location Status Due Date
ETS Library 296.14 424470015347 Volný výběr Available -

LDR 00893cam a2200253ua 4500
00133430
003CZ-PrJAB
00520170314145302.0
008720512s1938 ge e 00 0 ger
035 . ‡a(CONS)12667
035 . ‡a(CaOOAMICUS)000022294505
040 . ‡aCaOTU ‡beng
0411 . ‡agerheb
082 . ‡a296.14
100 . ‡aWinter, Jakob
1300 . ‡aMidrash.
24500. ‡aSifra, halachischer Midrasch zu Leviticus / ‡cübersetzt von Jakob Winter.
260 . ‡aBreslau, ‡bStefan Münz, Jüdischer Buchverlag und Buchvertrieb , ‡c1938.
300 . ‡a[8], 683 s., kopie-skripta
4900 . ‡aSchrifter der Gesellschaft zur Förderung der Wissenschaft des Judentums, Nr. 42
7001 . ‡aWinter, Jakob, ‡d1857-, ‡etr.
7102 . ‡aGesellschaft zur Förderung der Wissenschaft des Judentums in Berlin.
8524 . ‡bETS ‡bETS ‡cVolný výběr ‡j296.14 ‡p424470015347 ‡y$50.00
910 . ‡aABG450
999 . ‡a12667 ‡c12667 ‡tbiblio
905 . ‡uadmin
901 . ‡a33430 ‡b ‡c33430 ‡tbiblio ‡sets

Additional Resources